000 00289nam a22001217a 4500
008 171002b xxu||||| |||| 00| 0 eng d
041 _aeng
080 _a159.9
100 _a48
101 _aPSI
245 _aA PSYCHOLOGICAL APPROACH TO ABNORMAL BEHAVIOR
_cULLMANN,L.P
942 _2udc
_cBK
999 _c31203
_d31203